[Event "World Cup 2023"]
[Site "Baku, Azerbaijan"]
[Date "2023.08.01"]
[Round "3.3"]
[White "Pantsulaia Levan (GEO)"]
[Black "Harsha Bharathakoti (IND)"]
[Result "1-0"]
[WhiteFideId "13602071"]
[BlackFideId "5078776"]
[WhiteElo "2564"]
[BlackElo "2563"]

1. Nf3 {[%clk 00:25:18]} {[%emt 00:00:01]} d5 {[%clk 00:25:19]} {[%emt
00:00:02]} 2. c4 {[%clk 00:25:25]} {[%emt 00:00:03]} d4 {[%clk 00:25:27]}
{[%emt 00:00:02]} 3. g3 {[%clk 00:25:16]} {[%emt 00:00:18]} Nc6 {[%clk
00:25:34]} {[%emt 00:00:03]} 4. Bg2 {[%clk 00:25:25]} {[%emt 00:00:01]} e5
{[%clk 00:25:42]} {[%emt 00:00:02]} 5. d3 {[%clk 00:25:34]} {[%emt 00:00:02]}
Bb4+ {[%clk 00:25:50]} {[%emt 00:00:02]} 6. Bd2 {[%clk 00:25:43]} {[%emt
00:00:01]} a5 {[%clk 00:25:57]} {[%emt 00:00:03]} 7. Bxb4 {[%clk 00:25:51]}
{[%emt 00:00:02]} axb4 {[%clk 00:26:05]} {[%emt 00:00:02]} 8. O-O {[%clk
00:25:59]} {[%emt 00:00:03]} Nf6 {[%clk 00:26:10]} {[%emt 00:00:05]} 9. Nbd2
{[%clk 00:26:07]} {[%emt 00:00:01]} O-O {[%clk 00:26:15]} {[%emt 00:00:05]} 10.
Ne1 {[%clk 00:26:15]} {[%emt 00:00:02]} h5 {[%clk 00:24:53]} {[%emt 00:01:32]}
11. h4 {[%clk 00:26:11]} {[%emt 00:00:14]} Bf5 {[%clk 00:24:58]} {[%emt
00:00:04]} 12. Nc2 {[%clk 00:26:14]} {[%emt 00:00:08]} Qd7 {[%clk 00:24:21]}
{[%emt 00:00:47]} 13. Nb3 {[%clk 00:25:29]} {[%emt 00:00:55]} Bh3 {[%clk
00:21:33]} {[%emt 00:02:58]} 14. Qd2 {[%clk 00:25:38]} Bxg2 {[%clk 00:21:42]}
{[%emt 00:00:02]} 15. Kxg2 {[%clk 00:25:46]} {[%emt 00:00:01]} Qd6 {[%clk
00:21:38]} {[%emt 00:00:14]} 16. f3 {[%clk 00:25:28]} {[%emt 00:00:28]} Ra4
{[%clk 00:18:35]} {[%emt 00:03:14]} 17. Qg5 {[%clk 00:19:13]} {[%emt 00:06:24]}
Rfa8 {[%clk 00:17:13]} {[%emt 00:01:32]} 18. a3 {[%clk 00:19:22]} {[%emt
00:00:02]} bxa3 {[%clk 00:17:19]} {[%emt 00:00:04]} 19. bxa3 {[%clk 00:19:30]}
{[%emt 00:00:02]} Nd8 {[%clk 00:16:07]} {[%emt 00:01:22]} 20. Nd2 {[%clk
00:19:28]} {[%emt 00:00:11]} Ne6 {[%clk 00:16:10]} {[%emt 00:00:08]} 21. Qf5
{[%clk 00:19:37]} g6 {[%clk 00:14:55]} {[%emt 00:01:25]} 22. Qh3 {[%clk
00:19:37]} {[%emt 00:00:09]} Nc5 {[%clk 00:14:57]} {[%emt 00:00:08]} 23. Kg1
{[%clk 00:17:03]} {[%emt 00:02:44]} Kg7 {[%clk 00:14:59]} {[%emt 00:00:08]} 24.
Qg2 {[%clk 00:16:46]} {[%emt 00:00:27]} Re8 {[%clk 00:14:48]} {[%emt 00:00:21]}
25. Rab1 {[%clk 00:14:33]} {[%emt 00:02:23]} Raa8 {[%clk 00:13:20]} {[%emt
00:01:38]} 26. Rf2 {[%clk 00:13:05]} {[%emt 00:01:39]} Qd7 {[%clk 00:12:09]}
{[%emt 00:01:21]} 27. Rb5 {[%clk 00:10:16]} {[%emt 00:02:59]} c6 {[%clk
00:11:49]} {[%emt 00:00:31]} 28. Rb1 {[%clk 00:06:23]} {[%emt 00:04:03]} Re7
{[%clk 00:11:23]} {[%emt 00:00:36]} 29. Rff1 {[%clk 00:04:02]} {[%emt
00:02:31]} Qc7 {[%clk 00:09:08]} {[%emt 00:02:25]} 30. Rb4 {[%clk 00:03:44]}
{[%emt 00:00:28]} Na6 {[%clk 00:06:24]} {[%emt 00:02:54]} 31. Rbb1 {[%clk
00:02:57]} {[%emt 00:00:57]} Nc5 {[%clk 00:06:29]} {[%emt 00:00:05]} 32. Rb4
{[%clk 00:03:04]} {[%emt 00:00:02]} Qd6 {[%clk 00:05:58]} {[%emt 00:00:42]} 33.
Rfb1 {[%clk 00:03:05]} {[%emt 00:00:09]} Rg8 {[%clk 00:05:29]} {[%emt
00:00:38]} 34. Nb3 {[%clk 00:02:19]} {[%emt 00:00:55]} Nfd7 {[%clk 00:05:09]}
{[%emt 00:00:30]} 35. Na5 {[%clk 00:01:31]} {[%emt 00:00:58]} b6 {[%clk
00:05:14]} {[%emt 00:00:04]} 36. Nb3 {[%clk 00:01:40]} {[%emt 00:00:01]} Ne6
{[%clk 00:03:38]} {[%emt 00:01:47]} 37. Nd2 {[%clk 00:01:45]} {[%emt 00:00:05]}
f5 {[%clk 00:03:39]} {[%emt 00:00:09]} 38. Kf2 {[%clk 00:01:21]} {[%emt
00:00:33]} Rf7 {[%clk 00:03:26]} {[%emt 00:00:24]} 39. Ke1 {[%clk 00:01:29]}
{[%emt 00:00:02]} Re8 {[%clk 00:03:26]} {[%emt 00:00:10]} 40. Qg1 {[%clk
00:01:20]} {[%emt 00:00:18]} Nec5 {[%clk 00:03:25]} {[%emt 00:00:11]} 41. Kd1
{[%clk 00:01:24]} {[%emt 00:00:06]} Ra8 {[%clk 00:03:19]} {[%emt 00:00:17]} 42.
f4 {[%clk 00:01:26]} {[%emt 00:00:08]} Na4 {[%clk 00:03:20]} {[%emt 00:00:09]}
43. Rxa4 {[%clk 00:01:14]} {[%emt 00:00:22]} Rxa4 {[%clk 00:03:28]} {[%emt
00:00:02]} 44. fxe5 {[%clk 00:01:23]} {[%emt 00:00:01]} Qxe5 {[%clk 00:03:05]}
{[%emt 00:00:33]} 45. Nf3 {[%clk 00:01:30]} {[%emt 00:00:02]} Qf6 {[%clk
00:03:07]} {[%emt 00:00:09]} 46. Qxd4 {[%clk 00:01:34]} {[%emt 00:00:06]} c5
{[%clk 00:02:10]} {[%emt 00:01:06]} 47. Qxf6+ {[%clk 00:01:22]} {[%emt
00:00:23]} Rxf6 {[%clk 00:02:19]} 48. Kd2 {[%clk 00:01:19]} {[%emt 00:00:12]}
f4 {[%clk 00:02:21]} {[%emt 00:00:09]} 49. Rg1 {[%clk 00:01:09]} {[%emt
00:00:20]} fxg3 {[%clk 00:02:20]} {[%emt 00:00:10]} 50. Rxg3 {[%clk 00:01:18]}
Ra8 {[%clk 00:02:23]} {[%emt 00:00:07]} 51. Rg5 {[%clk 00:01:20]} {[%emt
00:00:09]} Rf5 {[%clk 00:02:29]} {[%emt 00:00:05]} 52. Rg1 {[%clk 00:01:26]}
{[%emt 00:00:04]} Kh6 {[%clk 00:01:49]} {[%emt 00:00:50]} 53. Ne3 {[%clk
00:01:05]} {[%emt 00:00:31]} Rff8 {[%clk 00:00:20]} {[%emt 00:01:39]} 54. Ra1
{[%clk 00:00:21]} {[%emt 00:00:54]} Nf6 {[%clk 00:00:23]} {[%emt 00:00:07]} 55.
Rb1 {[%clk 00:00:18]} {[%emt 00:00:12]} Rxa3 {[%clk 00:00:17]} {[%emt
00:00:16]} 56. Rxb6 {[%clk 00:00:28]} Ra2+ {[%clk 00:00:26]} {[%emt 00:00:02]}
57. Nc2 {[%clk 00:00:27]} {[%emt 00:00:10]} Nd7 {[%clk 00:00:14]} {[%emt
00:00:21]} 58. Rb7 {[%clk 00:00:33]} {[%emt 00:00:05]} Nf6 {[%clk 00:00:13]}
{[%emt 00:00:11]} 59. Ng5 {[%clk 00:00:36]} {[%emt 00:00:06]} Rfa8 {[%clk
00:00:17]} {[%emt 00:00:07]} 60. Nf7+ {[%clk 00:00:22]} {[%emt 00:00:23]} Kg7
{[%clk 00:00:27]} 61. Ne5+ {[%clk 00:00:30]} {[%emt 00:00:02]} Kh6 {[%clk
00:00:34]} {[%emt 00:00:03]} 62. Nf7+ {[%clk 00:00:34]} {[%emt 00:00:06]} Kg7
{[%clk 00:00:43]} {[%emt 00:00:01]} 63. Ng5+ {[%clk 00:00:23]} {[%emt
00:00:20]} Kh6 {[%clk 00:00:52]} 64. Rc7 {[%clk 00:00:17]} {[%emt 00:00:16]}
R2a5 {[%clk 00:00:22]} {[%emt 00:00:40]} 65. Nf7+ {[%clk 00:00:19]} {[%emt
00:00:08]} Kg7 {[%clk 00:00:31]} 66. Ng5+ {[%clk 00:00:28]} Kh6 {[%clk
00:00:39]} {[%emt 00:00:03]} 67. Ne6 {[%clk 00:00:34]} {[%emt 00:00:04]} Re8
{[%clk 00:00:26]} {[%emt 00:00:23]} 68. Nxc5 {[%clk 00:00:24]} {[%emt
00:00:20]} g5 {[%clk 00:00:35]} 69. hxg5+ {[%clk 00:00:32]} {[%emt 00:00:02]}
Kxg5 {[%clk 00:00:44]} 70. Nd4 {[%clk 00:00:33]} {[%emt 00:00:09]} Ra2+ {[%clk
00:00:13]} {[%emt 00:00:41]} 71. Kc3 {[%clk 00:00:41]} {[%emt 00:00:02]} h4
{[%clk 00:00:14]} {[%emt 00:00:10]} 72. Rg7+ {[%clk 00:00:36]} {[%emt
00:00:14]} Kh5 {[%clk 00:00:14]} {[%emt 00:00:10]} 73. Nce6 {[%clk 00:00:45]}
{[%emt 00:00:02]} h3 {[%clk 00:00:11]} {[%emt 00:00:13]} 74. Nf4+ {[%clk
00:00:49]} {[%emt 00:00:06]} Kh6 {[%clk 00:00:20]} 75. Nf5# {[%clk 00:00:57]}
{[%emt 00:00:01]} Ng8 {[%clk 00:00:00]} {[%emt 00:00:04]} 1-0